00328nam a2200133Ia 4500003000900000008004100009040001300050040001300063100001700076245006900093260001800162300000800180490000600188IT-RoPAU120407s9999 xx 000 0 und d aIT-RoPAU cIT-RoPAU aAchille Erba aPreti del sacramento e preti del movimento. Il clero torinese… aFranco Angeli c cm v1